00313 2200133 4500001002100000005001500021035002000036245005400056100002200110300001200132260001500144082000800159990001200167INLIS00000000000220920250527013835 a0010-05250005011 aCurhat Suami Untuk Istri /cDr. Sahar Muh Thal`at0 aSahar Muh Thal`at a320 hlm bIBS,c2007 a297 a0712698